Football quizz en L - Statistiques

Statistiques générales
  • Ce quiz a été pris 267 fois
  • Le résultat moyen est 10 sur 13
Statistiques - réponses
Hint Réponse % Correct
Club anglais surnommé "Les Redz" Liverpool
96%
Club italien de Serie A, basé dans la ville de Rome. Lazio
95%
Ville anglaise dont le club a été une surprise en Premier League en 2016. Leicester
94%
Club Français avec un important palmarès au niveau européen. Notamment pour la saison 2019-2020 ou ils sont aller en 1/2 finale de Ligue des Champions. Lyon
93%
Club Allemand invaincu pour la saison 2023/2024, jusqu'à la finale d'Europa League ou ils ont perdus 3-0. Leverkusen
92%
Club Français, jouant en jaune et rouge à domicile surnommé les sang & or Lens
91%
Joueur portugais, anciennement Lillois lors de l'année du titre lillois en championnat. Il joue désormais en Serie A au côté de Théo Hernandez par exemple. Leao
88%
Prénom du joueur célèbre pour mordre ses adversaires. Luis
88%
Surnom donné à l'équipe du Sénégal. Lions
72%
Prénom d'un ancien défenseur français notamment passé par l'OM. Il a porté le maillot de l'équipe de France durant 97 matchs. Laurent
66%
L'un des attaquants mythique ayant porté le maillot Danois entre 1982 et 1998 Laudrup
51%
Club Espagnol jouant en bleu et blanc à domicile. Promu en Division 1 lors de la saison 2023/2024 Leganes
46%
Ville argentine où évolue un club ayant remporté une Copa Libertadores. Lanus
17%
Aucun quiz correspondant
Distribution des résultats
% des personnes avec chaque résultat
Percentile par nombre de réponses
Votre historique - résultats
Vous n’avez pas pris ce quiz